000 01292cam a22004094i 4500
003 PE-LiUPU
005 20250805174702.0
008 150625s r 000 0 d
035 _a(Sirsi) a31234
040 _aPE-LiUPU
_bspa
_cPE-LiUPU
_erda
082 0 4 _a226.5
_bR649e
_221
100 1 _aRobertson, Archibald Thomas,
_eautor.
245 1 3 _aEl evangelio según San Juan La Epistola a los Hebreos /
_cArchibald Thomas Robertson.
264 _aBarcelona :
_bCLIE,
_c1990.
300 _a484 páginas ;
_c22.5 cm
336 _atext
_2rdacontent
337 _aunmediated
_2rdamedia
338 _avolume
_2rdacarrier
490 0 _aImágenes verbales en el Nuevo Testamento ;
_v5
526 _aSEG42
526 _aSEG41
526 _aSEG40
526 _aSEG39
526 _aP94
526 _aP87
526 _aP86
526 _aP85
526 _aP77
526 _aP76
526 _aP35
630 1 4 _aBiblia.
_pJuan
_xCrítica, interpretación, etc.
_91284
630 1 4 _aBiblia.
_pHebreos
_xCrítica, interpretación, etc.
_91318
942 _2ddc
_cBK
949 _wDEWEY
_c1
_i31918
_lCCODEBUL1
_mBUL
_p00.00
_r0
_sY
_tBOOK
_u2015-06-25
_xBIBLIOTECA
_zUNKNOWN
_0COMPRA
_o.STAFF. Colección General
980 _818226
_gJaime Vilcazán Jefe de Análisis Documental
999 _c38766
_d38766